[Event "Hessen Senioren-ch 2012  8th"]
[Site "Bad Sooden-Adf. (14.4.-22.4)"]
[Date "2012.04.20"]
[Round "7.61"]
[White "Briesemeister, Klaus"]
[Black "Rehder, Frank"]
[Result "1/2-1/2"]
[WhiteElo "1553"]
[BlackElo "1705"]
[PlyCount "43"]
[EventDate "2012.04.??"]
[EventType "swiss"]
[EventRounds "9"]
[EventCountry "GER"]
[WhiteTeam "Lingen SV"]
[BlackTeam "Berlin Zugzwang 95 SC"]

1. d4 Nf6 2. c4 g6 3. Nc3 Bg7 4. e4 d6 5. Be2 O-O 6. Be3 Nbd7 7. g4 e5 8. g5
Ne8 9. d5 a5 10. h4 f6 11. h5 fxg5 12. hxg6 hxg6 13. Qd2 Bf6 14. Nf3 g4 15. Ng5
Bxg5 16. Bxg5 Ndf6 17. O-O-O Ng7 18. Rh6 Qe8 19. Rdh1 Nfh5 20. Qd1 Rxf2 21. Be3
Rf6 22. Bg5 1/2-1/2

[Event "Hessen Senioren-ch 2012  8th"]
[Site "Bad Sooden-Adf. (14.4.-22.4)"]
[Date "2012.04.20"]
[Round "7.62"]
[White "Brahn, Helmut"]
[Black "Matrisch, Gerd"]
[Result "1/2-1/2"]
[WhiteElo "1591"]
[BlackElo "1737"]
[PlyCount "124"]
[EventDate "2012.04.??"]
[EventType "swiss"]
[EventRounds "9"]
[EventCountry "GER"]
[WhiteTeam "Burghaun SG"]
[BlackTeam "Wanne-Eickel SV"]

1. c4 e5 2. d3 Nf6 3. Nf3 Nc6 4. a3 a5 5. Nc3 h6 6. e3 d5 7. cxd5 Nxd5 8. Bd2
Be7 9. Be2 O-O 10. O-O Be6 11. Rc1 Nb6 12. h3 Bf5 13. Qc2 Qd7 14. Kh2 Rfd8 15.
e4 Be6 16. Be3 a4 17. Rfe1 Nd4 18. Bxd4 exd4 19. Nb1 f6 20. Nbd2 Bd6+ 21. Kg1
Bf4 22. Bf1 Ra5 23. e5 Bb3 24. Qxc7 Bxd2 25. Qxd7 Nxd7 26. Nxd2 Nxe5 27. Nxb3
axb3 28. Rc7 b6 29. f4 Ng6 30. g3 Rc5 31. Rc1 Rxc1 32. Rxc1 Ne7 33. Bg2 Nd5 34.
Bxd5+ Rxd5 35. Rc4 Rc5 36. Rxd4 Rc1+ 37. Kf2 Rc2+ 38. Ke3 Rxb2 39. Rb4 Rb1 40.
Rxb6 b2 41. Kd2 Ra1 42. Rxb2 Rxa3 43. Ke3 Kf7 44. f5 Ra7 45. g4 g6 46. fxg6+
Kxg6 47. h4 h5 48. Rb4 hxg4 49. Rxg4+ Kf5 50. Rg1 Rh7 51. Rf1+ Ke5 52. Rf4 Rh5
53. Ra4 Ke6 54. Re4+ Kd6 55. Kd4 Rd5+ 56. Ke3 Rh5 57. Kf3 f5 58. Rf4 Ke5 59.
d4+ Kd5 60. Ke3 Kd6 61. Kd3 Rh8 62. Kc4 Rc8+ 1/2-1/2

[Event "Hessen Senioren-ch 2012  8th"]
[Site "Bad Sooden-Adf. (14.4.-22.4)"]
[Date "2012.04.20"]
[Round "7.63"]
[White "Preiss, Gerhard"]
[Black "Hoffmann, Erich(36)"]
[Result "1/2-1/2"]
[WhiteElo "1586"]
[BlackElo "1736"]
[PlyCount "78"]
[EventDate "2012.04.??"]
[EventType "swiss"]
[EventRounds "9"]
[EventCountry "GER"]
[WhiteTeam "Steinhagen SK"]
[BlackTeam "Bergeborbeck DJK"]

1. c4 Nf6 2. Nc3 g6 3. e4 d6 4. d4 Bg7 5. Be2 O-O 6. Be3 e5 7. dxe5 dxe5 8.
Qxd8 Rxd8 9. Rd1 Rxd1+ 10. Bxd1 c6 11. h3 Be6 12. b3 Na6 13. Nge2 Nb4 14. Nc1
Nd7 15. Ke2 f5 16. f3 f4 17. Bf2 a5 18. Nd3 Bf8 19. a4 Rd8 20. Nxb4 Bxb4 21.
Na2 Ba3 22. Bc2 Nc5 23. Rd1 Rxd1 24. Kxd1 Na6 25. Kd2 Kf7 26. Bb6 Nc5 27. Kc3
Nd7 28. Bxa5 c5 29. Bc7 g5 30. b4 cxb4+ 31. Nxb4 h5 32. Bd8 g4 33. h4 gxf3 34.
gxf3 Ke8 35. Bc7 Ke7 36. Nd3 Bd6 37. Bxd6+ Kxd6 38. Kb4 Bh3 39. Bd1 b6 1/2-1/2

[Event "Hessen Senioren-ch 2012  8th"]
[Site "Bad Sooden-Adf. (14.4.-22.4)"]
[Date "2012.04.20"]
[Round "7.64"]
[White "Fuchs, Manfred(38)"]
[Black "Rueggeberg, Wilhelm"]
[Result "1/2-1/2"]
[WhiteElo "1523"]
[BlackElo "1702"]
[PlyCount "73"]
[EventDate "2012.04.??"]
[EventType "swiss"]
[EventRounds "9"]
[EventCountry "GER"]
[WhiteTeam "Erkrath 1973 SC"]
[BlackTeam "Saarburg-Trier Sfr."]

1. d4 Nf6 2. c4 e6 3. g3 d5 4. e3 Nbd7 5. Nd2 c5 6. Ne2 Qa5 7. b3 cxd4 8. Nxd4
Bb4 9. a3 O-O 10. Bd3 Nc5 11. Qc2 Nce4 12. N4f3 Bd7 13. O-O Nxd2 14. Nxd2 Bc3
15. Ra2 Bxd2 16. Bxd2 Qd8 17. Bc3 h6 18. Rd1 Rc8 19. Qb1 Bc6 20. Rad2 Re8 21.
Be5 Ng4 22. Bc3 f5 23. cxd5 Bxd5 24. Bc4 Nf6 25. Bxf6 Qxf6 26. Bxd5 exd5 27.
Rxd5 Rf8 28. R1d4 Rc3 29. e4 Qc6 30. Rd1 fxe4 31. Qxe4 Rc1 32. Rxc1 Qxc1+ 33.
Kg2 Qb2 34. Qe6+ Kh8 35. Rf5 Rg8 36. Rf7 Qxa3 37. Rxb7 1/2-1/2

[Event "Hessen Senioren-ch 2012  8th"]
[Site "Bad Sooden-Adf. (14.4.-22.4)"]
[Date "2012.04.20"]
[Round "7.65"]
[White "Neumann, Peter Dr(39)"]
[Black "Johannsen, Ingbert"]
[Result "0-1"]
[WhiteElo "1462"]
[BlackElo "1800"]
[PlyCount "64"]
[EventDate "2012.04.??"]
[EventType "swiss"]
[EventRounds "9"]
[EventCountry "GER"]
[WhiteTeam "Warnemünde SF"]
[BlackTeam "Witten SG"]

1. d4 e6 2. c4 d5 3. Nc3 Nf6 4. Bg5 Be7 5. Nf3 c6 6. e3 Nbd7 7. Bd3 O-O 8. O-O
Re8 9. Rc1 Nf8 10. cxd5 Nxd5 11. Bxe7 Qxe7 12. Nxd5 exd5 13. h3 f6 14. Re1 Qd6
15. Bb1 Be6 16. Re2 Bf7 17. Rec2 Bg6 18. Rc3 Bxb1 19. Rxb1 g5 20. Qd2 h5 21. g3
Ng6 22. Qc2 Kg7 23. b4 a6 24. a4 Qe6 25. Kg2 g4 26. Nh2 Ne7 27. Rh1 Rh8 28. Qb1
f5 29. Qd3 Rh6 30. Rcc1 Rah8 31. Qf1 Qe4+ 32. Kg1 Qxh1+ 0-1

[Event "Hessen Senioren-ch 2012  8th"]
[Site "Bad Sooden-Adf. (14.4.-22.4)"]
[Date "2012.04.20"]
[Round "7.66"]
[White "Hoellger, Herbert"]
[Black "Schwichtenberg, Juergen"]
[Result "1-0"]
[WhiteElo "1841"]
[BlackElo "1545"]
[PlyCount "79"]
[EventDate "2012.04.??"]
[EventType "swiss"]
[EventRounds "9"]
[EventCountry "GER"]
[WhiteTeam "Bad Hersfeld SK"]
[BlackTeam "Hofheim 1920 SV"]

1. d4 Nf6 2. Nf3 d5 3. e3 Bg4 4. Nbd2 e6 5. Be2 Be7 6. Ne5 Bxe2 7. Qxe2 O-O 8.
O-O Nbd7 9. e4 c6 10. c3 dxe4 11. Nxe4 Nxe4 12. Qxe4 Bf6 13. Ng4 Be7 14. Qe2
Nf6 15. Ne5 Re8 16. Rd1 Bf8 17. Bg5 Be7 18. Rd3 Nd5 19. Bd2 g6 20. c4 Nf6 21.
Rd1 Nh5 22. g4 Ng7 23. Rf3 f5 24. Bc3 Bf6 25. h3 Qc7 26. Rfd3 Rad8 27. Qe3 g5
28. Kg2 a6 29. c5 b5 30. cxb6 Qxb6 31. a4 Qb7 32. f3 Qb3 33. Ba5 Qxa4 34. Bxd8
Rxd8 35. Rc1 Rd6 36. Nc4 Rd8 37. Ne5 Rd6 38. Qd2 Qb5 39. Rc5 Qa4 40. Ra5 1-0

[Event "Hessen Senioren-ch 2012  8th"]
[Site "Bad Sooden-Adf. (14.4.-22.4)"]
[Date "2012.04.20"]
[Round "7.67"]
[White "Schneider, Miloca"]
[Black "Knaak, Hans"]
[Result "1-0"]
[WhiteElo "1706"]
[BlackElo "1582"]
[PlyCount "85"]
[EventDate "2012.04.??"]
[EventType "swiss"]
[EventRounds "9"]
[EventCountry "GER"]
[WhiteTeam "Witten SG"]
[BlackTeam "Forster 95 SC"]

1. d4 Nf6 2. c4 g6 3. g3 Bg7 4. Bg2 d6 5. Nc3 O-O 6. e4 c5 7. d5 a6 8. Nge2
Nbd7 9. f4 Nb6 10. Qd3 Bd7 11. O-O Na4 12. Nxa4 Bxa4 13. h3 Bd7 14. Rb1 Rc8 15.
b3 b5 16. g4 b4 17. e5 Ne8 18. Bb2 Qc7 19. Qe3 Qb8 20. Nc1 Bh6 21. Nd3 Bg7 22.
f5 Rc7 23. Rf3 a5 24. fxg6 hxg6 25. e6 Bc8 26. exf7+ Rxf7 27. Rxf7 Kxf7 28.
Rf1+ Kg8 29. Bxg7 Kxg7 30. Qg5 Nf6 31. Nf4 e5 32. dxe6 Nh7 33. Qxg6+ Kh8 34.
Qe8+ Kg7 35. Nh5+ Kh6 36. Be4 Kg5 37. Kh2 d5 38. Kg2 dxe4 39. Rf5+ Kh6 40. Nf4
Kg7 41. Rf7+ Kh6 42. Rxc7 Qxc7 43. Qg6# 1-0

[Event "Hessen Senioren-ch 2012  8th"]
[Site "Bad Sooden-Adf. (14.4.-22.4)"]
[Date "2012.04.20"]
[Round "7.68"]
[White "Bendisch, Juergen Dr"]
[Black "Dinius, Helmut"]
[Result "1-0"]
[WhiteElo "1692"]
[BlackElo "1475"]
[PlyCount "72"]
[EventDate "2012.04.??"]
[EventType "swiss"]
[EventRounds "9"]
[EventCountry "GER"]
[WhiteTeam "Hennef 1927 SV"]
[BlackTeam "Ludwigsstadt TSV"]

1. d4 d5 2. Nf3 Nf6 3. Bf4 e6 4. Nbd2 c5 5. dxc5 Bxc5 6. e3 O-O 7. Be2 Nc6 8.
O-O a6 9. c3 b5 10. a4 bxa4 11. Rxa4 Bb7 12. Qc2 h6 13. Rfa1 a5 14. h3 Bd6 15.
Bxd6 Qxd6 16. Nd4 Nxd4 17. exd4 Qb6 18. Nb3 Ra7 19. Rxa5 Rxa5 20. Rxa5 Rb8 21.
Rb5 Qa7 22. Nc5 Bc6 23. Rxb8+ Qxb8 24. Qd2 e5 25. dxe5 Qxe5 26. Qe3 Qf5 27. Bd3
Qc8 28. b4 Qa8 29. Qd4 Qa1+ 30. Kh2 Qb2 31. Ba6 Kf8 32. Bb7 Bxb7 33. Nxb7 Ne4
34. Qxd5 Nf6 35. Qd8+ Ne8 36. Nd6 Qe2 1-0

[Event "Hessen Senioren-ch 2012  8th"]
[Site "Bad Sooden-Adf. (14.4.-22.4)"]
[Date "2012.04.20"]
[Round "7.70"]
[White "Schuetze, Manfred(41)"]
[Black "Maczollek, Helmut"]
[Result "1-0"]
[WhiteElo "1633"]
[BlackElo "1412"]
[PlyCount "65"]
[EventDate "2012.04.??"]
[EventType "swiss"]
[EventRounds "9"]
[EventCountry "GER"]
[WhiteTeam "Gräfenhainichen VfL"]
[BlackTeam "Lage Turm SK"]

1. e4 d6 2. d4 Nf6 3. Nc3 c6 4. Nf3 Bg4 5. Be2 e6 6. h3 Bh5 7. Be3 Be7 8. Qd2
Nbd7 9. Bd3 Bg6 10. g4 d5 11. exd5 exd5 12. O-O-O Ne4 13. Bxe4 Bxe4 14. Nxe4
dxe4 15. Ne5 Nxe5 16. dxe5 Qxd2+ 17. Rxd2 g5 18. Rd4 a6 19. Rxe4 Rd8 20. Rd1 h5
21. Rxd8+ Bxd8 22. Kd2 hxg4 23. hxg4 Rh6 24. Kd3 Re6 25. f4 gxf4 26. Bxf4 Rg6
27. Be3 Re6 28. c3 b5 29. Bd4 Bc7 30. b4 Bd8 31. Be3 Bc7 32. g5 Rxe5 33. Bc5
1-0

[Event "Hessen Senioren-ch 2012  8th"]
[Site "Bad Sooden-Adf. (14.4.-22.4)"]
[Date "2012.04.20"]
[Round "7.71"]
[White "Straschnej, Paul"]
[Black "Barlo, Werner"]
[Result "1-0"]
[WhiteElo "1538"]
[BlackElo "1594"]
[PlyCount "103"]
[EventDate "2012.04.??"]
[EventType "swiss"]
[EventRounds "9"]
[EventCountry "GER"]
[WhiteTeam "Bad Emstal Sfr."]
[BlackTeam "Berlin Zehlendorf SK"]

1. d4 Nf6 2. c4 e6 3. Bg5 Be7 4. Nc3 h6 5. Bh4 d5 6. e3 c6 7. Nf3 Nbd7 8. Qc2
dxc4 9. Bxc4 Nd5 10. Bg3 O-O 11. a3 Nxc3 12. bxc3 Qa5 13. O-O Nb6 14. Ba2 Nd5
15. Bb1 f5 16. c4 Nc3 17. Qd2 b6 18. Bd3 c5 19. Rfe1 cxd4 20. Nxd4 Na4 21. Qxa5
bxa5 22. Nc6 Bf6 23. Rab1 Nc5 24. Be2 Ne4 25. Be5 Bxe5 26. Nxe5 Ba6 27. f3 Nc5
28. Nc6 a4 29. Bd1 Rf7 30. Ne5 Rc7 31. Rb4 Rd8 32. Bxa4 Nd3 33. Rd1 Nxe5 34.
Rxd8+ Kh7 35. Bb5 Bxb5 36. cxb5 Rc3 37. Ra4 Nd3 38. Rxd3 Rxd3 39. Rxa7 Rxe3 40.
b6 Rb3 41. b7 Kg6 42. a4 Kg5 43. g3 h5 44. h4+ Kf6 45. a5 g5 46. a6 gxh4 47.
gxh4 Ke5 48. Ra8 Rb1+ 49. Kf2 Rb2+ 50. Ke1 Kf4 51. b8=Q+ Rxb8 52. Rxb8 1-0

[Event "Hessen Senioren-ch 2012  8th"]
[Site "Bad Sooden-Adf. (14.4.-22.4)"]
[Date "2012.04.20"]
[Round "7.72"]
[White "Kluever, Horst"]
[Black "Schneider, Hans(31)"]
[Result "1-0"]
[WhiteElo "1672"]
[BlackElo "1491"]
[PlyCount "103"]
[EventDate "2012.04.??"]
[EventType "swiss"]
[EventRounds "9"]
[EventCountry "GER"]
[WhiteTeam "Itzehoer SV"]
[BlackTeam "Oberhausen SW SV"]

1. e4 c5 2. Nf3 Nc6 3. d4 cxd4 4. Nxd4 g6 5. c3 Bg7 6. Be3 Nf6 7. Bd3 Ne5 8.
Bc2 Nc4 9. Bc1 O-O 10. O-O d6 11. h3 a6 12. Qe2 Ne5 13. f4 Nc6 14. Nf3 Qb6+ 15.
Kh1 Nh5 16. Qf2 Qxf2 17. Rxf2 e5 18. f5 Ne7 19. Ng1 d5 20. Kh2 dxe4 21. Bxe4
Nf6 22. Bc2 Nxf5 23. g4 Nd6 24. Re2 Nfe8 25. Bg5 f6 26. Bb3+ Kh8 27. Bh4 Bd7
28. Nd2 Bc6 29. a4 h6 30. c4 g5 31. Bf2 f5 32. gxf5 Rxf5 33. c5 Nc8 34. Bc2 Rf8
35. Bg3 Nc7 36. Bxe5 Bxe5+ 37. Rxe5 Nd5 38. Rf1 Nce7 39. Re6 Kg7 40. Ne2 Rxf1
41. Nxf1 Rf8 42. Nfg3 Ng8 43. Kg1 Nf4 44. Nxf4 gxf4 45. Nh5+ Kh8 46. Re5 Rd8
47. Nxf4 Rd2 48. Re2 Rxe2 49. Nxe2 Nf6 50. Nd4 Bd7 51. Kh2 b6 52. cxb6 1-0

[Event "Hessen Senioren-ch 2012  8th"]
[Site "Bad Sooden-Adf. (14.4.-22.4)"]
[Date "2012.04.20"]
[Round "7.73"]
[White "Mittelstaedt, Ewald"]
[Black "Tomas, Johann"]
[Result "0-1"]
[WhiteElo "1405"]
[BlackElo "1567"]
[PlyCount "116"]
[EventDate "2012.04.??"]
[EventType "swiss"]
[EventRounds "9"]
[EventCountry "GER"]
[WhiteTeam "München Tarrasch SC"]
[BlackTeam "Bad Sooden-Allendorf SK"]

1. d4 d5 2. Nf3 Nd7 3. Bf4 c6 4. Nbd2 e6 5. e3 Ndf6 6. h3 Bd6 7. Be5 Bxe5 8.
Nxe5 Nd7 9. Ndf3 f6 10. Nd3 Ne7 11. Be2 O-O 12. O-O Ng6 13. Nh2 e5 14. Ne1 e4
15. c4 a6 16. Qb3 Qb6 17. Qa3 f5 18. b3 Nf6 19. f4 Be6 20. Qd6 Rfe8 21. Nc2 Bf7
22. Qb4 Qxb4 23. Nxb4 dxc4 24. Bxc4 Nd5 25. Nxd5 cxd5 26. Be2 Rac8 27. Rac1 Ne7
28. g4 g6 29. g5 Nc6 30. a3 Na5 31. Rb1 Rc3 32. b4 Nc4 33. Bxc4 dxc4 34. Rfe1
Rxa3 35. Nf1 b5 36. Ra1 Rxa1 37. Rxa1 Ra8 38. Ra3 Bd5 39. Kf2 Kf7 40. Ke1 Ke7
41. Kd2 Kd6 42. Kc3 Kc6 43. Ng3 Kb6 44. Ra5 Rh8 45. h4 h6 46. Ra2 hxg5 47. hxg5
Rh3 48. Rg2 Bf7 49. Kb2 a5 50. bxa5+ Kxa5 51. Ka1 c3 52. Kb1 b4 53. Kc2 Ka4 54.
Nf1 Bb3+ 55. Kc1 Rh1 56. Rf2 Bc4 57. Kc2 Bd3+ 58. Kc1 Bxf1 0-1

[Event "Hessen Senioren-ch 2012  8th"]
[Site "Bad Sooden-Adf. (14.4.-22.4)"]
[Date "2012.04.20"]
[Round "7.74"]
[White "Hilbig, Klaus"]
[Black "Hespers, Rolf"]
[Result "0-1"]
[WhiteElo "1535"]
[BlackElo "1465"]
[PlyCount "34"]
[EventDate "2012.04.??"]
[EventType "swiss"]
[EventRounds "9"]
[EventCountry "GER"]
[WhiteTeam "Ahrensburger TSV"]
[BlackTeam "Weida(Thür) Osterburg TuS"]

1. d4 Nf6 2. Nf3 e6 3. Nbd2 b6 4. e3 Be7 5. Bd3 Bb7 6. O-O d6 7. e4 O-O 8. e5
dxe5 9. dxe5 Nfd7 10. Ne4 Nc6 11. Neg5 h6 12. Nh3 Ndxe5 13. Bb5 Nxf3+ 14. gxf3
Ne5 15. Be2 Qxd1 16. Bxd1 Nxf3+ 17. Bxf3 Bxf3 0-1

[Event "Hessen Senioren-ch 2012  8th"]
[Site "Bad Sooden-Adf. (14.4.-22.4)"]
[Date "2012.04.20"]
[Round "7.75"]
[White "Meyer, Walter(34)"]
[Black "Pastowski, Werner"]
[Result "1/2-1/2"]
[WhiteElo "1591"]
[BlackElo "1505"]
[PlyCount "43"]
[EventDate "2012.04.??"]
[EventType "swiss"]
[EventRounds "9"]
[EventCountry "GER"]
[WhiteTeam "Hennef 1927 SV"]
[BlackTeam "Schmalkalden 04 SV"]

1. c4 c5 2. g3 g6 3. Bg2 Bg7 4. Nf3 Nc6 5. O-O Nf6 6. Nc3 O-O 7. d3 Rb8 8. Bd2
b6 9. Rb1 Bb7 10. a3 e5 11. Ng5 h6 12. Nge4 Nxe4 13. Nxe4 d6 14. b4 f5 15. Nc3
Nd4 16. Bxb7 Rxb7 17. e3 Ne6 18. Nd5 Nc7 19. Qf3 Rb8 20. Nxc7 Qxc7 21. Qd5+ Kh7
22. f4 1/2-1/2

[Event "Hessen Senioren-ch 2012  8th"]
[Site "Bad Sooden-Adf. (14.4.-22.4)"]
[Date "2012.04.20"]
[Round "7.76"]
[White "Hegner, Peter"]
[Black "Rollwitz, Inge"]
[Result "1-0"]
[WhiteElo "1570"]
[BlackElo "1255"]
[PlyCount "54"]
[EventDate "2012.04.??"]
[EventType "swiss"]
[EventRounds "9"]
[EventCountry "GER"]
[WhiteTeam "Bad Soden SC"]
[BlackTeam "Berlin Wedding SG"]

1. e4 d6 2. d4 g6 3. Nf3 Bg7 4. Bc4 c6 5. c3 b5 6. Bb3 Nf6 7. Nbd2 O-O 8. O-O
Qc7 9. h3 e5 10. Nh2 Re8 11. dxe5 dxe5 12. a4 a6 13. c4 b4 14. c5 a5 15. Nc4
Nfd7 16. Nd6 Rd8 17. Bg5 Nf6 18. Ng4 Nbd7 19. f4 h6 20. Nxh6+ Bxh6 21. Bxh6 Kh7
22. Bg5 Kg7 23. f5 Nf8 24. fxg6 N8d7 25. gxf7 Rh8 26. Bxf6+ Nxf6 27. Nf5+ Kf8
1-0

[Event "Hessen Senioren-ch 2012  8th"]
[Site "Bad Sooden-Adf. (14.4.-22.4)"]
[Date "2012.04.20"]
[Round "7.77"]
[White "Otto, Klaus(41)"]
[Black "Knobling, Rolf"]
[Result "1-0"]
[WhiteElo "1577"]
[BlackElo "1346"]
[PlyCount "127"]
[EventDate "2012.04.??"]
[EventType "swiss"]
[EventRounds "9"]
[EventCountry "GER"]
[WhiteTeam "Triebes Thüringer SV"]
[BlackTeam "Erfurt USV"]

1. e4 c5 2. Nf3 Nc6 3. d4 cxd4 4. Nxd4 d6 5. Be2 Bd7 6. Nc3 g6 7. Be3 Bg7 8.
Qd2 Nf6 9. f3 a6 10. a3 b5 11. O-O O-O 12. Na2 Rc8 13. Rac1 Qa5 14. c3 Nxd4 15.
Bxd4 Be6 16. Nb4 Bc4 17. Nd3 Bxd3 18. Bxd3 Nd7 19. Be3 Nc5 20. Bc2 Qc7 21. Rcd1
Rfd8 22. Qf2 Qc6 23. Rd2 Rd7 24. Rfd1 Rcd8 25. h3 Nb7 26. Bb3 Na5 27. Bd5 Qc8
28. Bb6 Nc4 29. Bxc4 Qxc4 30. Bxd8 Rxd8 31. Qb6 Qc8 32. Qe3 Qc6 33. Qg5 Qb6+
34. Kh1 Bf6 35. Qd5 Rc8 36. Qd3 Bg5 37. Re2 f6 38. g3 h5 39. f4 Bh6 40. e5 Qc6+
41. Qd5+ Qxd5+ 42. Rxd5 dxe5 43. fxe5 f5 44. e6 Kh7 45. Rd7 Bg5 46. h4 Bf6 47.
Red2 Rc6 48. Re2 Kg7 49. Kg2 g5 50. hxg5 Bxg5 51. Kf1 Kf6 52. Ke1 h4 53. gxh4
Bxh4+ 54. Kd1 Bg3 55. Rd3 Be5 56. Rh3 Bf4 57. Kc2 Rxe6 58. Rxe6+ Kxe6 59. Rh8
Kd5 60. Ra8 e5 61. Rxa6 e4 62. Rb6 Kc5 63. Rf6 Kd5 64. Rxf5+ 1-0

[Event "Hessen Senioren-ch 2012  8th"]
[Site "Bad Sooden-Adf. (14.4.-22.4)"]
[Date "2012.04.20"]
[Round "7.79"]
[White "Ludwig, Richard(44)"]
[Black "Kleist, Werner(35)"]
[Result "1/2-1/2"]
[WhiteElo "1497"]
[BlackElo "1480"]
[PlyCount "80"]
[EventDate "2012.04.??"]
[EventType "swiss"]
[EventRounds "9"]
[EventCountry "GER"]
[WhiteTeam "Irxleben SV"]
[BlackTeam "GER/Berlin"]

1. e4 d5 2. exd5 Qxd5 3. d4 Nc6 4. Be3 Nf6 5. Nc3 Qd8 6. h3 e6 7. a3 g6 8. Nf3
Bg7 9. Be2 O-O 10. O-O Re8 11. Re1 Nd5 12. Nxd5 exd5 13. c3 a6 14. Qd2 f6 15.
Bd3 Be6 16. Be2 Na5 17. Qd1 Nc4 18. Bc1 Qd7 19. Nd2 Nd6 20. Bf3 c6 21. Nb3 b6
22. Be3 Nf5 23. Bg4 Nxe3 24. Bxe6+ Rxe6 25. Rxe3 Rxe3 26. fxe3 Re8 27. Qf3 Bh6
28. Re1 f5 29. Nd2 Qe7 30. Nf1 f4 31. Kf2 fxe3+ 32. Ke2 Rf8 33. Qg4 Rf2+ 34.
Kd3 Rxb2 35. Qc8+ Kg7 36. Qg4 Qf7 37. Nxe3 Rf2 38. h4 Rf4 39. Qg3 Kh8 40. Qh3
Bf8 1/2-1/2

[Event "Hessen Senioren-ch 2012  8th"]
[Site "Bad Sooden-Adf. (14.4.-22.4)"]
[Date "2012.04.20"]
[Round "7.80"]
[White "Klose, Hans-Peter"]
[Black "Scholze, Roland"]
[Result "1/2-1/2"]
[WhiteElo "1442"]
[BlackElo "1630"]
[PlyCount "45"]
[EventDate "2012.04.??"]
[EventType "swiss"]
[EventRounds "9"]
[EventCountry "GER"]
[WhiteTeam "Göttingen Rot-Weiß ESV"]
[BlackTeam "Dresden Lok SV"]

1. c4 Nf6 2. g3 c5 3. Bg2 g6 4. e4 d6 5. Nf3 Nxe4 6. O-O Nf6 7. Nc3 Bg7 8. Re1
O-O 9. d4 cxd4 10. Nxd4 a6 11. Be3 Qc7 12. Qe2 Nc6 13. Nxc6 bxc6 14. Rad1 Re8
15. h3 Rb8 16. Qd2 Qd7 17. Bh6 Bb7 18. Bxg7 Kxg7 19. Kh2 Rbd8 20. b3 e6 21. Re3
c5 22. Bxb7 Qxb7 23. Rd3 1/2-1/2

[Event "Hessen Senioren-ch 2012  8th"]
[Site "Bad Sooden-Adf. (14.4.-22.4)"]
[Date "2012.04.20"]
[Round "7.81"]
[White "Stuiber, WIlhelm"]
[Black "Auerswald, Gottfried Dr"]
[Result "0-1"]
[WhiteElo "1642"]
[BlackElo "1499"]
[PlyCount "80"]
[EventDate "2012.04.??"]
[EventType "swiss"]
[EventRounds "9"]
[EventCountry "GER"]
[WhiteTeam "Euskirchen SK"]
[BlackTeam "Dingelstädt SK"]

1. e3 c6 2. d4 d5 3. Bd3 Nf6 4. f4 Bg4 5. Nf3 Nbd7 6. Nbd2 e6 7. O-O c5 8. c3
Be7 9. Qc2 c4 10. Be2 Bf5 11. Qd1 Ng4 12. Nb1 O-O 13. Ne5 Ngxe5 14. fxe5 f6 15.
exf6 Nxf6 16. Nd2 Ne4 17. Bf3 Nxd2 18. Bxd2 Bd6 19. Bg4 Qh4 20. Bh3 Bxh3 21.
Rxf8+ Rxf8 22. gxh3 Qxh3 23. Qe2 Rf6 24. e4 dxe4 25. Kh1 Qf3+ 26. Qxf3 Rxf3 27.
Kg2 Bxh2 28. Re1 Rd3 29. Bc1 Bd6 30. Rxe4 Kf7 31. Re2 h6 32. Be3 g5 33. Kf3 Bf4
34. Ke4 Rxe3+ 35. Rxe3 Bxe3 36. Kxe3 Kf6 37. b3 b5 38. Ke4 h5 39. d5 exd5+ 40.
Kxd5 h4 0-1

[Event "Hessen Senioren-ch 2012  8th"]
[Site "Bad Sooden-Adf. (14.4.-22.4)"]
[Date "2012.04.20"]
[Round "7.82"]
[White "Papenkordt, Karl-Hermann"]
[Black "Hopp, Barbara Dr"]
[Result "1/2-1/2"]
[WhiteElo "1628"]
[BlackElo "1413"]
[PlyCount "54"]
[EventDate "2012.04.??"]
[EventType "swiss"]
[EventRounds "9"]
[EventCountry "GER"]
[WhiteTeam "Witten SG"]
[BlackTeam "Oberursel SV"]

1. c4 g6 2. Nc3 Bg7 3. d4 e6 4. e4 Nc6 5. Nf3 Nge7 6. Be3 O-O 7. Qd2 d5 8. e5
Nf5 9. Bf4 a6 10. cxd5 exd5 11. Be2 Be6 12. O-O Re8 13. Rac1 f6 14. g4 Nfe7 15.
exf6 Bxf6 16. h3 Nc8 17. Rfe1 Nb6 18. b3 Qd7 19. Bg5 Qg7 20. Bxf6 Qxf6 21. Rcd1
Bd7 22. Qd3 Re7 23. a3 Be6 24. Bf1 Rae8 25. Bg2 Bf7 26. Re3 Rxe3 27. fxe3 Qe7
1/2-1/2

[Event "Hessen Senioren-ch 2012  8th"]
[Site "Bad Sooden-Adf. (14.4.-22.4)"]
[Date "2012.04.20"]
[Round "7.83"]
[White "Van Vorselen, Theo"]
[Black "Wolff, Heinz(37)"]
[Result "1-0"]
[WhiteElo "1551"]
[BlackElo "1416"]
[PlyCount "63"]
[EventDate "2012.04.??"]
[EventType "swiss"]
[EventRounds "9"]
[EventCountry "GER"]
[WhiteTeam "NED/Den Haag DD"]
[BlackTeam "Bad Langensalza SV"]
[WhiteTeamCountry "NED"]

1. e4 c6 2. d4 d5 3. exd5 cxd5 4. c4 Nf6 5. Nc3 Bf5 6. Nf3 Nc6 7. cxd5 Nxd5 8.
Bc4 e6 9. a3 a6 10. Qe2 Be7 11. O-O O-O 12. Be3 b5 13. Ba2 h6 14. Rac1 Rc8 15.
Rfe1 Bf6 16. Nxd5 exd5 17. h3 Be6 18. Bb1 Re8 19. Qd3 Kf8 20. b4 Ne7 21. g4 g5
22. Rxc8 Bxc8 23. Rc1 Be6 24. Qc2 Qc8 25. Qh7 Qd7 26. Qxh6+ Bg7 27. Qxg5 Rc8
28. Rc5 f6 29. Qf4 Nc6 30. Ng5 Re8 31. Nxe6+ Qxe6 32. Bf5 1-0

[Event "Hessen Senioren-ch 2012  8th"]
[Site "Bad Sooden-Adf. (14.4.-22.4)"]
[Date "2012.04.20"]
[Round "7.84"]
[White "Grueneschild, Hildegard"]
[Black "Kirchberg, Hans-Georg"]
[Result "0-1"]
[WhiteElo "1380"]
[BlackElo "1598"]
[PlyCount "89"]
[EventDate "2012.04.??"]
[EventType "swiss"]
[EventRounds "9"]
[EventCountry "GER"]
[WhiteTeam "München Schach-Union"]
[BlackTeam "Dingelstädt SK"]

1. c4 c5 2. g3 Nf6 3. Bg2 e6 4. Nc3 Be7 5. e4 d6 6. d3 O-O 7. Nge2 Nbd7 8. O-O
a6 9. a4 Rb8 10. d4 cxd4 11. Nxd4 Qc7 12. b3 Nc5 13. Be3 Re8 14. Rc1 Qa5 15.
Bd2 Qc7 16. b4 Nd3 17. Rb1 Ne5 18. b5 Nxc4 19. bxa6 bxa6 20. Rxb8 Qxb8 21. Nc6
Qc7 22. Nxe7+ Qxe7 23. Bc1 Bb7 24. Qd3 Ne5 25. Qe2 Rc8 26. Bb2 Qc7 27. Rc1 Qc4
28. Qe3 Nd3 29. Bf1 Qb3 30. Bxd3 Qxb2 31. Qe1 g6 32. f3 Qb6+ 33. Kg2 Qd4 34.
Ne2 Qxd3 35. Rxc8+ Bxc8 36. Nf4 Qc2+ 37. Kg1 Qxa4 38. Qc3 Qd7 39. Qa1 a5 40.
Kg2 Qb5 41. Ne2 Qxe2+ 42. Kg1 Ba6 43. h4 Qf1+ 44. Qxf1 Bxf1 45. Kxf1 0-1

[Event "Hessen Senioren-ch 2012  8th"]
[Site "Bad Sooden-Adf. (14.4.-22.4)"]
[Date "2012.04.20"]
[Round "7.85"]
[White "Koehler, Marianne"]
[Black "Strozewski, Guenter"]
[Result "0-1"]
[WhiteElo "1384"]
[BlackElo "1526"]
[PlyCount "46"]
[EventDate "2012.04.??"]
[EventType "swiss"]
[EventRounds "9"]
[EventCountry "GER"]
[WhiteTeam "Sennewitz 2011 SG"]
[BlackTeam "Erkenschwick SV"]

1. e4 e5 2. Nf3 d5 3. exd5 e4 4. Ng1 Qxd5 5. Nc3 Qf5 6. Qe2 Nf6 7. Qb5+ Qxb5 8.
Nxb5 Bd6 9. h3 a6 10. Nc3 O-O 11. g4 Nc6 12. Nge2 Ne5 13. Bg2 Nf3+ 14. Kf1 Re8
15. Nd1 Bd7 16. Ne3 Bb5 17. c4 Bc6 18. Bxf3 exf3 19. Nd4 Be4 20. Ndf5 Bc5 21.
d4 Bd3+ 22. Kg1 Ba7 23. Bd2 Rad8 0-1